| 000 | 00417cam a2200181ua 4500 | ||
|---|---|---|---|
| 020 | _c7.00 | ||
| 041 |
_aeng _h |
||
| 082 |
_a330.1 _bGAN/PR |
||
| 100 | _aGanapathi, V . | ||
| 245 |
_aPrinciples of economics / _cV.Ganapathi. _hTextual Documents |
||
| 250 |
_a1 / _b. |
||
| 260 |
_a : _bS.Viswanathan , _c1960. |
||
| 300 | _a438 ; . | ||
| 365 | _a7.00 | ||
| 504 | _a | ||
| 942 | _cBK | ||
| 999 |
_c2076 _d2076 |
||